[Event "11th Vellmar Open 2019"]
[Site "Vellmar GER"]
[Date "2019.07.06"]
[Round "4.46"]
[White "Kotliarevski,Dennis"]
[Black "Ullmann,Ralf"]
[Result "1-0"]
[WhiteElo "1624"]
[BlackElo "1830"]
[WhiteFideId "12995371"]
[BlackFideId "1271401"]
[EventDate "2019.07.04"]

1. e4 c5 2. Nc3 e6 3. f4 d5 4. Nf3 dxe4 5. Nxe4 Nc6 6. Bc4 Nf6 7. Qe2 Be7 8. d3
O-O 9. O-O Na5 10. b3 Nxc4 11. bxc4 b6 12. Bb2 Bb7 13. Rae1 Nxe4 14. dxe4 Bf6
15. Rd1 Qc7 16. Bxf6 gxf6 17. e5 Bxf3 18. Rxf3 f5 19. Rh3 f6 20. Rd6 Qe7 21.
Rhd3 Rad8 22. Rxd8 Rxd8 23. exf6 Qxf6 24. Rxd8+ Qxd8 25. Qxe6+ Kg7 26. Qe5+ Qf6
27. Kf2 Kg6 28. Qxf6+ Kxf6 29. Kf3 Kg6 30. h3 h5 31. g4 hxg4+ 32. hxg4 fxg4+ 33.
Kxg4 Kf6 34. f5 a6 35. a4 Ke7 36. Kg5 Kf7 37. f6 Kg8 38. Kg6 Kf8 39. f7 1-0

[Event "11th Vellmar Open 2019"]
[Site "Vellmar GER"]
[Date "2019.07.06"]
[Round "4.47"]
[White "Blaschke,Henri Johannes"]
[Black "Azizov,Fariz"]
[Result "1-0"]
[WhiteElo "1846"]
[BlackElo "1458"]
[WhiteFideId "12995320"]
[BlackFideId "16218132"]
[EventDate "2019.07.04"]

1. d4 d5 2. c4 c6 3. Nf3 Nf6 4. Qc2 e6 5. Nbd2 Be7 6. g3 O-O 7. Bg2 Nbd7 8. O-O
Re8 9. e4 dxe4 10. Nxe4 Nxe4 11. Qxe4 Nf6 12. Qc2 c5 13. Rd1 cxd4 14. Nxd4 Qb6
15. b3 Bc5 16. Bb2 e5 17. Nb5 Bg4 18. Rd2 e4 19. Kh1 e3 20. fxe3 Rxe3 21. Rf1
Rae8 22. Bxf6 gxf6 23. Qb1 Bb4 24. Rd4 f5 25. Rdf4 Re1 26. Qd3 Rxf1+ 27. Bxf1
Re3 28. Qd5 a6 29. Nc7 Bd6 30. Rxg4+ fxg4 31. Qg5+ Kf8 32. Qd8+ Re8 33. Ne6+ 1-0

[Event "11th Vellmar Open 2019"]
[Site "Vellmar GER"]
[Date "2019.07.06"]
[Round "4.48"]
[White "Maas,Kolja"]
[Black "Warter,Simon"]
[Result "1-0"]
[WhiteElo "1571"]
[BlackElo "1565"]
[WhiteFideId "16220420"]
[BlackFideId "16223080"]
[EventDate "2019.07.04"]

1. e4 e5 2. Nf3 Nc6 3. Bb5 a6 4. Ba4 d6 5. d4 Bd7 6. O-O exd4 7. Nxd4 Nge7 8.
Nc3 g6 9. Bg5 Bg7 10. Nxc6 bxc6 11. Qf3 O-O 12. Rad1 Re8 13. Rfe1 Qb8 14. e5 d5
15. Bb3 h6 16. Bf6 Qc8 17. Rd4 Nf5 18. Rdd1 Bxf6 19. exf6 Nd6 20. h4 Kh7 21. Re3
Nf5 22. Red3 Nd6 23. Nxd5 cxd5 24. Bxd5 Rb8 25. Bxf7 Rf8 26. Bb3 Be6 27. Re1
Bxb3 28. axb3 Qf5 29. Re7+ Rf7 30. Rxf7+ Nxf7 31. Qc6 Qe5 32. Rd7 Rf8 33. g3 g5
34. Rxc7 Kg6 35. Re7 Qxb2 36. Qe4+ Kxf6 37. Re6+ Kg7 38. Qg6+ Kh8 39. Rf6 Qc3
40. Rxa6 Qg7 41. Qe4 Rc8 42. Rg6 Qe5 43. Rxh6+ Kg8 44. Rg6+ Kf8 45. Qb4+ Qc5 46.
Qxc5+ Rxc5 47. c4 Ne5 48. Rb6 Ke7 49. Rb5 Kd6 50. Rxc5 Kxc5 51. f4 gxf4 52. gxf4
Nf7 53. Kf2 Kd4 54. Kf3 Kc3 55. Ke4 Kxb3 56. Kd5 1-0

[Event "11th Vellmar Open 2019"]
[Site "Vellmar GER"]
[Date "2019.07.06"]
[Round "5.1"]
[White "Colbow,Collin"]
[Black "Keller,Pe GER"]
[Result "0-1"]
[BlackTitle "FM"]
[WhiteElo "2167"]
[BlackElo "2279"]
[WhiteFideId "16201132"]
[BlackFideId "1272105"]
[EventDate "2019.07.04"]

1. e4 e5 2. Nf3 Nc6 3. Bb5 Nf6 4. d3 Bc5 5. c3 O-O 6. O-O Re8 7. Nbd2 a6 8. Ba4
d5 9. d4 exd4 10. cxd4 Ba7 11. e5 Ne4 12. Bxc6 bxc6 13. Qc2 Bf5 14. Qxc6 Re6 15.
Qa4 c5 16. dxc5 Rg6 17. Nxe4 Bxe4 18. Ne1 Bxc5 19. Kh1 Qb8 20. f3 Bf5 21. Qa5
Rc6 22. f4 Be4 23. Nf3 Qb7 24. Bd2 Qxb2 25. Qc3 Qb6 26. Qb3 Qc7 27. Rac1 h6 28.
h3 Rc8 29. Kh2 Qd7 30. Rce1 Rb6 31. Qd1 Rb1 32. Qe2 Rb2 33. Qd1 Rxa2 34. Bc3 Bc2
35. Qd2 Bb3 36. Qd3 Bc4 37. e6 fxe6 38. Qg6 Bxf1 39. Rxf1 Qf7 40. Qb1 Rf2 41.
Rxf2 Bxf2 42. Be5 Be3 43. Qb4 Rc4 44. Qb8+ Kh7 0-1

[Event "11th Vellmar Open 2019"]
[Site "Vellmar GER"]
[Date "2019.07.06"]
[Round "5.2"]
[White "Henrich,T"]
[Black "Hahn,Markus"]
[Result "0-1"]
[WhiteTitle "FM"]
[WhiteElo "2139"]
[BlackElo "2290"]
[WhiteFideId "4640993"]
[BlackFideId "24654647"]
[EventDate "2019.07.04"]

1. e4 c5 2. Nf3 e6 3. d4 cxd4 4. Nxd4 a6 5. Nc3 Qc7 6. Bd3 Nf6 7. Qf3 Nc6 8.
Nxc6 dxc6 9. Qg3 e5 10. a4 Be6 11. O-O h5 12. Bg5 Nd7 13. h4 Bc5 14. Be3 Bxe3
15. Qxe3 a5 16. Ne2 Qd8 17. Qg3 Qf6 18. f4 Bg4 19. Kh2 O-O 20. f5 Nc5 21. Nc1
Rfd8 22. Qe1 Rd4 23. g3 Rxa4 24. Rxa4 Nxa4 25. b3 Nc5 26. Qc3 Qd6 27. Qe1 Qd4
28. f6 g6 29. Qd2 Kh7 30. Re1 Rd8 31. Qg2 Rd6 32. Rf1 Qe3 33. Qf2 Qxf2+ 34. Rxf2
Nd7 35. Bc4 Kg8 36. b4 axb4 37. Nd3 b5 38. Bb3 c5 39. Bd5 Be6 40. Bxe6 Rxe6 41.
Rf1 Rd6 42. Ra1 b3 0-1

[Event "11th Vellmar Open 2019"]
[Site "Vellmar GER"]
[Date "2019.07.06"]
[Round "5.3"]
[White "Dorst,J"]
[Black "Toepfer,Albrecht"]
[Result "1-0"]
[WhiteTitle "FM"]
[WhiteElo "2234"]
[BlackElo "2043"]
[WhiteFideId "4650433"]
[BlackFideId "12924067"]
[EventDate "2019.07.04"]

1. e4 d5 2. exd5 Qxd5 3. Nc3 Qd6 4. d4 Nf6 5. Nf3 c6 6. Ne5 Nbd7 7. Bf4 Nd5 8.
Nxd5 Qxd5 9. Nf3 Nf6 10. Be2 g6 11. O-O Bg7 12. c4 Qa5 13. a3 O-O 14. b4 Qd8 15.
Qb3 a6 16. a4 Nh5 17. Be3 Qc7 18. Ne1 Nf6 19. h3 b6 20. Bf3 Bb7 21. Rc1 Nd7 22.
Nd3 Rfe8 23. c5 b5 24. d5 Ne5 25. Nxe5 Bxe5 26. Rfd1 Red8 27. a5 Bf6 28. Rd2
cxd5 29. c6 d4 30. cxb7 Qxc1+ 31. Rd1 Qxd1+ 32. Qxd1 Rab8 33. Bd2 Bg7 34. Qc1 e5
35. Qc6 f5 36. Qxa6 e4 37. Be2 1-0

[Event "11th Vellmar Open 2019"]
[Site "Vellmar GER"]
[Date "2019.07.06"]
[Round "5.4"]
[White "Ziegenfuss,Antonia"]
[Black "Schulze,Lara"]
[Result "0-1"]
[WhiteTitle "WFM"]
[BlackTitle "WFM"]
[WhiteElo "2063"]
[BlackElo "2253"]
[WhiteFideId "12962554"]
[BlackFideId "12956830"]
[EventDate "2019.07.04"]

1. d4 Nf6 2. c4 e6 3. Nc3 Bb4 4. f3 c5 5. d5 d6 6. e4 b5 7. Ne2 bxc4 8. Nf4 e5
9. Ne2 Nbd7 10. Ng3 Nb6 11. Be2 Ng8 12. O-O Ne7 13. f4 exf4 14. Nh5 O-O 15. Bxf4
Ng6 16. Be3 Bxc3 17. bxc3 Qe7 18. Qd2 f6 19. Rae1 Bd7 20. Ng3 Rae8 21. Bf4 Nxf4
22. Qxf4 Qe5 23. Qd2 Na4 24. Rc1 Rb8 25. Rc2 Nb6 26. Qf4 Qxf4 27. Rxf4 Rfe8 28.
Bg4 g6 29. Be2 Kg7 30. Bf1 Rf8 31. Rcf2 Na4 32. Bxc4 Nxc3 33. h4 h5 34. R4f3 Na4
35. Ra3 Rf7 36. Nf1 Rb4 37. Ne3 Re7 38. Bd3 Nb2 39. Bc2 Bb5 40. Rd2 Nc4 41. Nxc4
Bxc4 42. Rg3 Re5 43. Rf2 Rb7 44. Rgf3 Rf7 45. Rc3 Bb5 46. Rg3 Bd7 47. Ra3 Bc8
48. Rb3 g5 49. Rb8 Bg4 50. hxg5 fxg5 51. Rd8 Rd7 52. Rff8 Ree7 53. Rg8+ Kf6 54.
Rdf8+ Rf7 55. Re8 Rg7 56. Rgf8+ Rdf7 57. Rh8 Re7 58. Rd8 Ke5 59. Kf2 Rgf7+ 60.
Ke3 Rf1 61. Rh6 Re1+ 62. Kd2 Re2+ 63. Kc3 Re3+ 64. Kd2 Kd4 65. Rb8 c4 66. Ba4
Rf7 0-1

[Event "11th Vellmar Open 2019"]
[Site "Vellmar GER"]
[Date "2019.07.06"]
[Round "5.5"]
[White "Nilsson,Anders1"]
[Black "Engel,Robert"]
[Result "1-0"]
[WhiteTitle "CM"]
[WhiteElo "2225"]
[BlackElo "2054"]
[WhiteFideId "1705423"]
[BlackFideId "12974684"]
[EventDate "2019.07.04"]

1. d4 Nf6 2. Bf4 d5 3. e3 c5 4. c3 e6 5. Nd2 Bd6 6. Bb5+ Nc6 7. Bxd6 Qxd6 8.
Ngf3 O-O 9. a4 Bd7 10. O-O a6 11. Be2 e5 12. Nc4 dxc4 13. dxe5 Qxd1 14. Rfxd1
Be6 15. exf6 gxf6 16. Nd2 Na5 17. Ne4 Nb3 18. Nxf6+ Kg7 19. Nh5+ Kh6 20. Rab1
Rad8 21. Nf4 Bf5 22. Rxd8 Rxd8 23. Rd1 Rxd1+ 24. Bxd1 Nc1 25. a5 Be4 26. Kf1 Bc6
27. Ke1 Bb5 28. Kd2 Nb3+ 29. Bxb3 cxb3 30. Nd3 c4 31. Nc5 Bc6 32. e4 f5 33. Ke3
fxe4 34. Nxe4 Kg6 35. f3 Kf5 36. Nd6+ 1-0

[Event "11th Vellmar Open 2019"]
[Site "Vellmar GER"]
[Date "2019.07.06"]
[Round "5.6"]
[White "Cherny,A"]
[Black "Windelband,J"]
[Result "1/2-1/2"]
[WhiteElo "2188"]
[BlackElo "2075"]
[WhiteFideId "4688473"]
[BlackFideId "4663845"]
[EventDate "2019.07.04"]

1. c4 e6 2. g3 d5 3. Bg2 c5 4. Nf3 Nc6 5. cxd5 exd5 6. d4 Nf6 7. O-O Be7 8. Nc3
O-O 9. dxc5 Bxc5 10. Bg5 d4 11. Bxf6 Qxf6 12. Ne4 Qe7 13. Nxc5 Qxc5 14. Rc1 Qb6
15. Qd2 Be6 16. b3 h6 17. Rfd1 Rfd8 18. Ne1 Bd5 19. Nd3 Bxg2 20. Kxg2 Rd5 21.
Qf4 Re8 22. Qf3 Rd7 23. Nf4 Qb5 24. Rc4 Qf5 25. Nd3 Qg6 26. Rc5 Qd6 27. Rdc1
Rde7 28. R1c2 Re4 29. Rf5 Qe7 30. Kf1 a6 31. Nc5 Re5 32. Nd3 Re4 33. Rfc5 Kf8
34. b4 Kg8 35. a4 Qd7 36. b5 axb5 37. axb5 Nd8 38. Rc8 R4e7 39. R8c5 Qh3+ 40.
Kg1 Qe6 41. Rd5 Qb6 42. Kf1 Ne6 43. h4 Nc7 44. Rdc5 Ne6 45. Rd5 Nc7 46. Rf5 Ne6
47. Nb4 Qd6 48. Nd3 Qb6 49. Qd5 Qa5 50. Kg2 Qa4 51. Rc4 Qa2 52. Nc1 Qb1 53. Re5
Qg6 54. Kf1 Qb1 55. f4 Rd8 56. Qxd8+ Nxd8 57. Rxe7 Qxb5 58. Rcc7 Ne6 59. Rc8+
Kh7 60. Nd3 Qf5 61. Ke1 Nxf4 62. Rcc7 Nxd3+ 63. exd3 Qxd3 64. Kf2 Qf5+ 65. Kg2
d3 66. Rcd7 Kg6 67. Rd6+ Kh7 68. Rd4 Qc5 69. Red7 Qc2+ 70. Kh3 Qd1 71. R7d5 h5
72. Kg2 Qe2+ 73. Kg1 Qe1+ 74. Kg2 Qe2+ 75. Kg1 Qe1+ 1/2-1/2

[Event "11th Vellmar Open 2019"]
[Site "Vellmar GER"]
[Date "2019.07.06"]
[Round "5.7"]
[White "Wiley,To"]
[Black "Schmid,Anton"]
[Result "1/2-1/2"]
[WhiteTitle "FM"]
[WhiteElo "2162"]
[BlackElo "1738"]
[WhiteFideId "401765"]
[BlackFideId "12910783"]
[EventDate "2019.07.04"]

1. d4 Nf6 2. c4 e6 3. Nc3 Bb4 4. Qc2 d5 5. cxd5 Qxd5 6. Nf3 O-O 7. Bd2 Bxc3 8.
Bxc3 b6 9. g3 Bb7 10. Bg2 Qh5 11. O-O Nbd7 12. b4 Rac8 13. Rac1 Rfd8 14. Qb2 a6
15. Ne5 Bxg2 16. Kxg2 Nxe5 17. dxe5 Ne4 18. Be1 f5 19. Rc6 Qe8 20. Rc2 Ng5 21.
f3 Rd5 22. Bf2 Qb5 23. Rfc1 Rcd8 24. Be3 Nf7 25. f4 Rd1 26. Rxd1 Rxd1 27. Qb3
Qd7 28. Rxc7 Qd8 29. Rc8 Qxc8 30. Qxd1 Qc6+ 31. Kg1 Kf8 32. Qc1 Qxc1+ 33. Bxc1
b5 34. Be3 Ke7 35. Kg2 h5 36. Kf3 Kd7 37. Bc5 g5 38. e4 g4+ 39. Ke3 fxe4 40. Bf8
Ke8 41. Bg7 Nd8 42. Kxe4 Nc6 43. a3 Ne7 44. Bf6 1/2-1/2

[Event "11th Vellmar Open 2019"]
[Site "Vellmar GER"]
[Date "2019.07.06"]
[Round "5.8"]
[White "Hourigan,Gerrit"]
[Black "Jensen,JB"]
[Result "0-1"]
[WhiteElo "2037"]
[BlackElo "2173"]
[WhiteFideId "16204174"]
[BlackFideId "1401513"]
[EventDate "2019.07.04"]

1. e4 e6 2. d4 d5 3. Nd2 Nf6 4. e5 Nfd7 5. Bd3 c5 6. c3 Nc6 7. Ne2 cxd4 8. cxd4
f6 9. exf6 Qxf6 10. Nf3 h6 11. O-O Bd6 12. Nc3 O-O 13. a3 Rd8 14. Bc2 Nf8 15.
Qd3 Bd7 16. Be3 Be8 17. b4 Rac8 18. Bb3 Bh5 19. Ne1 Ng6 20. g3 Bg4 21. f4 Bf5
22. Qd2 h5 23. Nf3 h4 24. Ne5 hxg3 25. hxg3 Ngxe5 26. fxe5 Qg6 27. Bf4 Be7 28.
Rf2 Kf7 29. Bd1 Rh8 30. Rh2 Rh7 31. Bf3 a5 32. bxa5 Nxd4 33. Bd1 Bc5 34. Kf1
Bd3+ 35. Ke1 Rch8 36. Rxh7 Rxh7 37. Qg2 Bc4 38. Rb1 Qd3 39. Rxb7+ Ke8 40. Bd2
Rh1+ 41. Kf2 Qxd2+ 42. Be2 Nxe2+ 0-1

[Event "11th Vellmar Open 2019"]
[Site "Vellmar GER"]
[Date "2019.07.06"]
[Round "5.9"]
[White "Carroll,Peter"]
[Black "Schnepp,G"]
[Result "0-1"]
[BlackTitle "FM"]
[WhiteElo "2032"]
[BlackElo "2292"]
[WhiteFideId "2510243"]
[BlackFideId "1604503"]
[EventDate "2019.07.04"]

1. e4 c5 2. Nf3 d6 3. d4 cxd4 4. Nxd4 Nf6 5. Nc3 a6 6. Be3 e6 7. g4 b5 8. g5
Nfd7 9. h4 b4 10. Nce2 Bb7 11. Ng3 d5 12. Bh3 dxe4 13. Bxe6 fxe6 14. Nxe6 Qa5
15. Qg4 Ne5 16. Qf4 Nbd7 17. Nf5 g6 18. Nfd4 Bd6 19. Ng7+ Ke7 20. Ndf5+ gxf5 21.
Nxf5+ Ke6 22. Ng7+ Kd5 23. O-O-O+ Kc6 24. Qxe4+ Kc7 25. Qd4 Be7 26. Bf4 Kc8 27.
Rhe1 Bc5 28. Rxe5 Bxd4 29. Rxd4 Nxe5 0-1

[Event "11th Vellmar Open 2019"]
[Site "Vellmar GER"]
[Date "2019.07.06"]
[Round "5.10"]
[White "Kersten,U"]
[Black "Knudsen,M"]
[Result "1-0"]
[WhiteTitle "FM"]
[WhiteElo "2248"]
[BlackElo "2021"]
[WhiteFideId "4615646"]
[BlackFideId "1406523"]
[EventDate "2019.07.04"]

1. d4 Nf6 2. Nf3 d5 3. Bf4 e6 4. e3 Bd6 5. Bg3 O-O 6. Nbd2 c5 7. c3 b6 8. Bd3
Ba6 9. Bxa6 Nxa6 10. Qe2 Nc7 11. dxc5 bxc5 12. e4 dxe4 13. Nxe4 Nxe4 14. Qxe4
Qe7 15. O-O-O Rfd8 16. Rxd6 Rxd6 17. Bxd6 Qxd6 18. Rd1 Qb6 19. Ne5 Nd5 20. c4
Rb8 21. Rd2 Nf6 22. Qd3 h6 23. f3 a5 24. Qd6 Qa7 25. Nc6 1-0

[Event "11th Vellmar Open 2019"]
[Site "Vellmar GER"]
[Date "2019.07.06"]
[Round "5.11"]
[White "Meyner,H"]
[Black "Pfitzenreuter,G"]
[Result "1-0"]
[WhiteElo "2213"]
[BlackElo "2049"]
[WhiteFideId "4664205"]
[BlackFideId "4672380"]
[EventDate "2019.07.04"]

1. d4 d5 2. Bf4 Nf6 3. e3 e6 4. Nd2 c5 5. Ngf3 Bd6 6. Bg3 Qc7 7. dxc5 Bxg3 8.
hxg3 Qxc5 9. c4 Nc6 10. Rc1 Qe7 11. cxd5 exd5 12. Bb5 Bd7 13. O-O O-O 14. Nb3
Rfc8 15. Bxc6 Rxc6 16. Rxc6 bxc6 17. Qd4 Ne4 18. Rc1 Be8 19. Nc5 Nxc5 20. Rxc5
Rb8 21. b3 f6 22. Ra5 Rb7 23. Rc5 Rb6 24. Ra5 Rb7 25. Qc5 Qxc5 26. Rxc5 Kf7 27.
Nd4 Rc7 28. b4 Ke7 29. Kf1 g6 30. Ke1 Kd6 31. Kd2 Rb7 32. a3 Rb6 33. Nb3 Ra6 34.
Na5 Rb6 35. Kd3 Bd7 36. Kd4 Be8 37. Rc1 Bd7 38. Rh1 h5 39. f3 Rb8 40. Rc1 Rb6
41. e4 dxe4 42. Nc4+ 1-0

[Event "11th Vellmar Open 2019"]
[Site "Vellmar GER"]
[Date "2019.07.06"]
[Round "5.12"]
[White "Gerlach,Felix Tobias"]
[Black "Frohberg,M"]
[Result "0-1"]
[WhiteElo "2097"]
[BlackElo "2227"]
[WhiteFideId "12957690"]
[BlackFideId "4639308"]
[EventDate "2019.07.04"]

1. e4 c6 2. d4 d5 3. e5 Bf5 4. Nd2 e6 5. Nb3 Nd7 6. Nf3 Bg4 7. Bf4 a6 8. Be2 c5
9. dxc5 Bxc5 10. Nxc5 Nxc5 11. Qd4 Bxf3 12. Bxf3 Rc8 13. O-O Ne7 14. Rfd1 Nd7
15. Rac1 Nc6 16. Qe3 Qb6 17. Qe1 Qxb2 18. c4 Ncxe5 19. Bh5 Rxc4 20. Rxc4 dxc4
21. Bc1 Qb6 22. Be3 Qc6 23. f4 Nd3 24. Qc3 Qe4 25. Bd4 O-O 26. Bxg7 Qe3+ 0-1

[Event "11th Vellmar Open 2019"]
[Site "Vellmar GER"]
[Date "2019.07.06"]
[Round "5.13"]
[White "Bergauz,Avigdor"]
[Black "Yaghy,Ritta."]
[Result "1-0"]
[WhiteElo "2225"]
[BlackElo "1912"]
[WhiteFideId "12943770"]
[BlackFideId "7603266"]
[EventDate "2019.07.04"]

1. c4 e6 2. g3 d5 3. Bg2 Nf6 4. Nf3 c5 5. O-O Nc6 6. d4 a6 7. dxc5 Bxc5 8. Qc2
dxc4 9. Qxc4 Be7 10. Nc3 O-O 11. Rd1 Bd7 12. a3 Rc8 13. h3 Qc7 14. Bf4 Qa5 15.
Qd3 b5 16. b4 Qb6 17. e4 Rfd8 18. e5 Nd5 19. Nxd5 exd5 20. Be3 Qb8 21. Bf4 Be6
22. Qe3 d4 23. Nxd4 Nxd4 24. Rxd4 Rxd4 25. Qxd4 Rc4 26. Qe3 Bd8 27. Qd2 Bb6 28.
Rd1 Rd4 29. Qe1 Rxd1 30. Qxd1 g5 31. Bxg5 Qxe5 32. Bh4 Kg7 33. g4 Qf4 34. Qe2
Qc1+ 35. Bf1 Bd4 36. Kh2 Qxa3 37. Qd2 Be5+ 38. f4 Bc3 39. Qd8 Qxb4 40. Qg5+ Kf8
41. Bf2 Ke8 42. Bg2 Qe7 43. Bc6+ Kd8 44. Bb6+ 1-0

[Event "11th Vellmar Open 2019"]
[Site "Vellmar GER"]
[Date "2019.07.06"]
[Round "5.14"]
[White "Zahn,R"]
[Black "Hahn,F"]
[Result "1/2-1/2"]
[WhiteElo "2051"]
[BlackElo "2138"]
[WhiteFideId "4681690"]
[BlackFideId "24659720"]
[EventDate "2019.07.04"]

1. d4 Nf6 2. e3 c5 3. f4 g6 4. Nf3 Bg7 5. c3 b6 6. Bd3 Bb7 7. Qe2 O-O 8. O-O e6
9. Bd2 Ne4 10. Be1 d6 11. Nbd2 Nxd2 12. Bxd2 Nc6 13. Be1 Rc8 14. Rd1 Qc7 15. Bg3
f5 16. Bc4 Nd8 17. Bb3 Bxf3 18. Qxf3 c4 19. Bc2 d5 20. Bh4 Nf7 21. g4 Qd7 22.
Rd2 b5 23. a3 a5 24. Rg2 Rb8 25. Be1 Nh6 26. g5 Nf7 27. h4 Nd6 28. Rh2 Kf7 29.
h5 Rh8 30. Kg2 a4 1/2-1/2

[Event "11th Vellmar Open 2019"]
[Site "Vellmar GER"]
[Date "2019.07.06"]
[Round "5.15"]
[White "Werner,Mart"]
[Black "Lesny,Florian"]
[Result "1/2-1/2"]
[WhiteElo "2001"]
[BlackElo "2034"]
[WhiteFideId "4607970"]
[BlackFideId "12973874"]
[EventDate "2019.07.04"]

1. e4 c5 2. c3 Nf6 3. e5 Nd5 4. d4 cxd4 5. cxd4 d6 6. Bc4 e6 7. Nf3 Nc6 8. O-O
Be7 9. exd6 Qxd6 10. Re1 O-O 11. Nc3 Nxc3 12. bxc3 b6 13. Qd3 Na5 14. Bb5 Bb7
15. Bg5 h6 16. Bd2 Rac8 17. Ba4 Nc4 18. Bc2 f5 19. Bb3 Bd5 20. Ne5 Nxd2 21. Qxd2
Bf6 22. c4 Bb7 23. c5 bxc5 24. Nd7 c4 25. Nxf8 Kxf8 26. Bc2 Qd5 27. f3 Qxd4+ 28.
Qf2 Qxf2+ 29. Kxf2 Bxa1 30. Rxa1 Ke7 31. Rb1 Bd5 32. Ke3 Kd6 33. Kd4 e5+ 34. Kc3
g6 35. Rb5 e4 36. fxe4 Bxe4 37. Bxe4 fxe4 38. Kd4 c3 39. Rb1 c2 40. Rc1 e3 41.
Kxe3 Ke5 42. Kd3 g5 43. Rxc2 Rxc2 44. Kxc2 Kd4 45. Kd2 h5 46. h3 h4 47. Ke2 Ke4
48. a3 a6 49. Kf2 a5 50. a4 Kf4 51. Ke2 Kg3 52. Kf1 Kf4 53. Kf2 Ke4 54. Ke2 Kf4
55. Kf2 Ke5 1/2-1/2

[Event "11th Vellmar Open 2019"]
[Site "Vellmar GER"]
[Date "2019.07.06"]
[Round "5.16"]
[White "Boder,Jan"]
[Black "Ahlers,Knut"]
[Result "1-0"]
[WhiteElo "2116"]
[BlackElo "1854"]
[WhiteFideId "16243226"]
[BlackFideId "16203534"]
[EventDate "2019.07.04"]

1. c4 Nf6 2. g3 g6 3. Bg2 Bg7 4. Nc3 O-O 5. e4 d6 6. Nge2 Nc6 7. O-O e5 8. d3
Be6 9. h3 Qd7 10. Kh2 Ne8 11. Rb1 f5 12. f4 Rb8 13. b4 exf4 14. Bxf4 Nd4 15.
Nxd4 Bxd4 16. Nb5 Bg7 17. exf5 Bxf5 18. Be3 a6 19. Nd4 c6 20. a4 Nc7 21. Nxf5
Rxf5 22. Rxf5 Qxf5 23. b5 axb5 24. axb5 c5 25. Be4 Qe5 26. Bf4 Qf6 27. Qg4 Kh8
28. Qd7 Ne6 29. Be3 Qc3 30. Rf1 Nd4 31. Qxd6 Ra8 32. Qxc5 Ne6 33. Qd6 Ra2+ 34.
Kh1 Qb2 35. Qb8+ Bf8 36. Rxf8+ Kg7 37. Rf2 Ra1+ 38. Kg2 Qb1 39. Qxb7+ Kg8 1-0

[Event "11th Vellmar Open 2019"]
[Site "Vellmar GER"]
[Date "2019.07.06"]
[Round "5.17"]
[White "Lenhardt,M"]
[Black "Rempel,P"]
[Result "0-1"]
[WhiteElo "2004"]
[BlackElo "2119"]
[WhiteFideId "4630211"]
[BlackFideId "4657632"]
[EventDate "2019.07.04"]

1. d4 Nf6 2. Nf3 g6 3. g3 Bg7 4. Bg2 O-O 5. O-O d6 6. c4 Nc6 7. Nc3 a6 8. h3 Rb8
9. b3 b5 10. cxb5 axb5 11. Bb2 Bd7 12. Rc1 Na5 13. Qc2 b4 14. Ne4 Nxe4 15. Qxe4
Bb5 16. Qc2 c6 17. Rfd1 Qb6 18. h4 Qa6 19. Re1 Rfc8 20. h5 c5 21. hxg6 hxg6 22.
Bh3 e6 23. d5 e5 24. Nh4 Kh7 25. Kg2 Rh8 26. Be6 Be8 27. Rh1 Bh6 0-1

[Event "11th Vellmar Open 2019"]
[Site "Vellmar GER"]
[Date "2019.07.06"]
[Round "5.18"]
[White "Heinelt,M"]
[Black "Krueger,N"]
[Result "1/2-1/2"]
[WhiteElo "2101"]
[BlackElo "1958"]
[WhiteFideId "4656695"]
[BlackFideId "4633245"]
[EventDate "2019.07.04"]

1. d4 d5 2. c4 e6 3. Nc3 Nf6 4. Bg5 Nbd7 5. cxd5 exd5 6. e3 h6 7. Bf4 c6 8. Bd3
Be7 9. Qc2 Nf8 10. h3 Bd6 11. Nge2 Bxf4 12. Nxf4 Ne6 13. Nfe2 Qd6 14. g4 Bd7 15.
Ng3 Nc7 16. Nf5 Bxf5 17. gxf5 O-O-O 18. O-O-O Qe7 19. Rhg1 Rhg8 20. Kb1 Kb8 21.
Rc1 Nce8 22. Rg2 Nd6 23. Rcg1 Qf8 1/2-1/2

[Event "11th Vellmar Open 2019"]
[Site "Vellmar GER"]
[Date "2019.07.06"]
[Round "5.19"]
[White "Weiss,J"]
[Black "Ehrlich,K"]
[Result "1-0"]
[WhiteElo "2097"]
[BlackElo "2006"]
[WhiteFideId "24677663"]
[BlackFideId "24666530"]
[EventDate "2019.07.04"]

1. d4 Nf6 2. c4 g6 3. Nc3 Bg7 4. e4 d6 5. h3 O-O 6. Be3 e5 7. d5 a5 8. g4 c6 9.
Bd3 Na6 10. Nge2 Nb4 11. Bb1 cxd5 12. cxd5 Bd7 13. a3 Na6 14. a4 Rc8 15. Ng3 Be8
16. Bd3 Nb4 17. Be2 Nd7 18. h4 Nc5 19. h5 Rc7 20. Ra3 Bd7 21. g5 f5 22. gxf6
Qxf6 23. hxg6 hxg6 24. Qd2 Be8 25. Rh2 b6 26. Nb5 Bxb5 27. Bxb5 Rfc8 28. Kf1 Qf7
29. Rc3 Rf8 30. Qd1 Qf3 31. Qxf3 Rxf3 32. Bxc5 Rxc3 33. bxc3 bxc5 34. cxb4 axb4
35. Ke2 c4 36. Bc6 c3 37. Kd3 Rf7 38. Nf1 Bf6 39. Ne3 Bg5 40. Kc4 Rf4 41. Kxb4
Rxe4+ 42. Kxc3 Bxe3 43. fxe3 Rxe3+ 44. Kc4 Ra3 45. Kb4 Ra1 46. a5 Kf7 47. Kb5
Rb1+ 48. Ka6 e4 49. Bb5 1-0

[Event "11th Vellmar Open 2019"]
[Site "Vellmar GER"]
[Date "2019.07.06"]
[Round "5.20"]
[White "Wiegand,C"]
[Black "Gramb,Marius"]
[Result "1/2-1/2"]
[WhiteElo "1975"]
[BlackElo "2164"]
[WhiteFideId "4675231"]
[BlackFideId "24656593"]
[EventDate "2019.07.04"]

1. e4 c5 2. Nf3 d6 3. Bb5+ Nd7 4. c3 a6 5. Ba4 b5 6. Bc2 Ngf6 7. d4 e6 8. O-O
Bb7 9. Qe2 Be7 10. Rd1 Qc7 11. Bf4 cxd4 12. cxd4 Rc8 13. Bd3 Nb6 14. Nbd2 O-O
15. Nf1 Qb8 16. Ng3 Rfe8 17. h3 Nfd7 18. e5 Nd5 19. Bd2 Nf8 20. Ne4 Ng6 21. Nxd6
Bxd6 22. exd6 Qxd6 23. Bxg6 hxg6 24. Rac1 Nf6 25. Qe5 Qd5 26. Qxd5 Bxd5 27. Rxc8
Rxc8 28. Ne1 Ne4 29. Be3 Kf8 30. a3 a5 31. Rc1 Rxc1 32. Bxc1 a4 33. Nd3 Nd6 34.
Bd2 Nf5 35. Bc3 g5 36. g3 Ke8 37. Nb4 Bf3 38. Nc2 f6 39. Ne3 Ne7 40. Kf1 Kd7 41.
Ke1 Nc8 42. Kd2 Nd6 43. Bb4 Ne4+ 44. Ke1 f5 45. d5 f4 46. dxe6+ Kxe6 47. Nf1 Bg2
48. Nd2 Nd6 49. b3 Bxh3 50. bxa4 bxa4 51. Nf3 Ne4 52. Nd2 Nd6 53. Nf3 Nf7 54.
Bc3 g6 55. Kd2 Bg4 56. Nd4+ Kd5 57. f3 Bd7 58. gxf4 gxf4 59. Ne2 g5 60. Bf6 Kc4
61. Nd4 Bh3 62. Kc2 Nd6 63. Nc6 Nf7 64. Ne5+ Nxe5 65. Bxe5 Bg2 66. Bf6 g4 67.
fxg4 f3 68. Bh4 Kd4 69. Kd2 Bf1 70. Ke1 Bd3 71. Kf2 Ke4 72. Be7 Kf4 73. g5 Bg6
74. Bd8 Bh5 75. Bf6 Ke4 76. Be7 Kf4 77. Bf6 Ke4 78. Be7 Kf4 79. Bf6 1/2-1/2